Thomas' calculus : (Record no. 2207)

000 -LEADER
fixed length control field 01292cam a2200337 a 4500
001 - CONTROL NUMBER
control field 13681922
003 - CONTROL NUMBER IDENTIFIER
control field OSt
005 - DATE AND TIME OF LATEST TRANSACTION
control field 20160829132819.0
008 - FIXED-LENGTH DATA ELEMENTS--GENERAL INFORMATION
fixed length control field 040810s2006 maua 001 0 eng
010 ## - LIBRARY OF CONGRESS CONTROL NUMBER
LC control number 2004057262
020 ## - INTERNATIONAL STANDARD BOOK NUMBER
International Standard Book Number 032119800X
040 ## - CATALOGING SOURCE
Original cataloging agency DLC
Transcribing agency DLC
Modifying agency DLC
050 00 - LIBRARY OF CONGRESS CALL NUMBER
Classification number QA303.2.W45 2006
082 00 - DEWEY DECIMAL CLASSIFICATION NUMBER
Classification number 515
Edition number 22
100 1# - MAIN ENTRY--PERSONAL NAME
Personal name Weir, Maurice D.
245 10 - TITLE STATEMENT
Title Thomas' calculus :
Remainder of title early transcendentals : based on the original work by George B. Thomas, Jr.
246 30 - VARYING FORM OF TITLE
Title proper/short title Calculus
250 ## - EDITION STATEMENT
Edition statement 11th ed. /
Remainder of edition statement as revised by Maurice D. Weir, Joel Hass, Frank R. Giordano.
260 ## - PUBLICATION, DISTRIBUTION, ETC. (IMPRINT)
Place of publication, distribution, etc Boston :
Name of publisher, distributor, etc Pearson Addison-Wesley,
Date of publication, distribution, etc c2006.
300 ## - PHYSICAL DESCRIPTION
Extent xvi, 1212, [148] p. :
Other physical details ill. (some col.) ;
Dimensions 26 cm.
500 ## - GENERAL NOTE
General note Rev. ed. of: Thomas' calculus / as revised by Ross L. Finney, Maurice D. Weir, and Frank R. Giordano. Updated 10th ed. c2003.
500 ## - GENERAL NOTE
General note Includes index.
650 #0 - SUBJECT ADDED ENTRY--TOPICAL TERM
Topical term or geographic name as entry element Calculus
Form subdivision Textbooks.
650 #0 - SUBJECT ADDED ENTRY--TOPICAL TERM
Topical term or geographic name as entry element Geometry, Analytic
Form subdivision Textbooks.
700 1# - ADDED ENTRY--PERSONAL NAME
Personal name Hass, Joel.
700 1# - ADDED ENTRY--PERSONAL NAME
Personal name Giordano, Frank R.
700 1# - ADDED ENTRY--PERSONAL NAME
Personal name Finney, Ross L.
Title of a work Thomas' calculus.
906 ## - LOCAL DATA ELEMENT F, LDF (RLIN)
a 7
b cbc
c orignew
d 1
e ocip
f 20
g y-gencatlg
942 ## - ADDED ENTRY ELEMENTS (KOHA)
Source of classification or shelving scheme
Koha item type Book
Holdings
Withdrawn status Lost status Source of classification or shelving scheme Damaged status Not for loan Home library Current library Shelving location Date acquired Total Checkouts Full call number Barcode Date last seen Copy number Price effective from Koha item type
          Riara University Library Riara University Library General stack 29/08/2016   QA303.2.W45 2006 8316/16 29/08/2016 C.1 29/08/2016 Book
          Riara University Library Riara University Library General stack 02/09/2016   QA303.2.W45 2006 7279/16 02/09/2016 C.2 02/09/2016 Book

Riara University Library,
P.O. Box 49940-00100,
Nairobi, Kenya.